Minecraft Mobs (Newly Updated) - Statistics

General Stats
  • This quiz has been taken 10,405 times
    9,285 since last reset
  • The average score is 26 of 30
Answer Stats
Hint Answer % Correct
Normal night time mob zombie
99%
BOOM creeper
98%
8 legged arachnid that lives almost everywhere spider
98%
Brown and white mammal that produces milk cow
97%
Pink mammal that can be turned into porkchops pig
97%
Carries a bow and has no flesh skeleton
97%
Tall dark beings from another dimension enderman
96%
Big blobby green cubes slime
96%
Flying king of the final dimension ender dragon
95%
Land mammal that give you lots of wool sheep
95%
8 legged arachnid that only lives in mineshafts cave spider
92%
A bird that lays eggs and cannot fly chicken
92%
Underwater creature that sprays ink at its foes squid
92%
Flying mob commonly found in dark caves bat
90%
Mob that lives alone in the swamp, throws potions witch
90%
Defends villages from mobs at night. Made of iron iron golem
89%
Humanoids with big noses villager
89%
Big flying white creatures that shoot fireballs from its mouth ghast
88%
Red and white mammal that has mushrooms that grow on its back mooshroom
87%
Mad boss made of 3 of the above mobs head wither boss
87%
Cat found in the jungle ocelot
84%
Fights mobs with nothing but snowballs snow golem
83%
Woodland animal that may become friendly if you give it bones wolf
83%
Big flaming orange and black cubes magma cube
82%
Weird creatures that hover and shoot fireballs at its foes blaze
80%
Large black skeletons found in the nether wither skeleton
80%
New rideable mob coming in 1.6.0 horse
77%
Small creature that may attack when removed from stone or stone bricks underground silverfish
76%
Crazed humanoids with golden swords zombie pigman
74%
Rare 1.6.0 rideable mob with chests on either side of it donkey
67%
No matching quizzes found
Score Distribution
Percent of People with Each Score
Percentile by Number Answered
Your Score History
You have not taken this quiz since the last reset